[Event "Challenge"]
[Site "http://www.queenalice.com/game.php?id=1852672"]
[Date "2025.2.23"]
[Round "-"]
[White "JORAM2205"]
[Black "Bordon"]
[Result "1-0"]
[WhiteElo "2264"]
[BlackElo "2146"]

1. d4 d5 2. c4 c6 3. Nc3 Nf6 4. e3 g6 5. Nf3 Bg7 6. Be2 O-O 7. O-O Bg4 8. cxd5
cxd5 9. Qb3 b6 10. h3 Bxf3 11. Bxf3 e6 12. Qa4 Qd7 13. Qxd7 Nbxd7 14. Bd2 Rac8
15. Rac1 Nb8 16. g4 Nc6 17. Be2 Ne7 18. g5 Nd7 19. Nb5 a6 20. Bb4 axb5 21. Bxe7
Rfe8 22. Rxc8 Rxc8 23. Bxb5 1-0

[Event "AUTO-OPEN-4581"]
[Site "http://www.queenalice.com/game.php?id=1853742"]
[Date "2025.3.12"]
[Round "1"]
[White "alvm"]
[Black "Bordon"]
[Result "1-0"]
[WhiteElo "2046"]
[BlackElo "2126"]

1. d4 d5 2. c4 c6 3. Nc3 Nf6 4. Nf3 Bf5 5. e3 e6 6. cxd5 cxd5 7. Qb3 Qc7 8. Bd2
Be7 9. Bb5+ Nbd7 10. Ne5 a6 11. Bxd7+ Nxd7 12. Nxd7 Qxd7 13. O-O O-O 14. Rac1 b5
15. a4 Bd3 16. Rfd1 Bc4 17. Qc2 b4 18. Nb1 b3 19. Qc3 Qxa4 20. Na3 Bb4 21. Qxb4
1-0

[Event "AUTO-OPEN-4581"]
[Site "http://www.queenalice.com/game.php?id=1853743"]
[Date "2025.3.12"]
[Round "1"]
[White "Bordon"]
[Black "alvm"]
[Result "0-1"]
[WhiteElo "2118"]
[BlackElo "2083"]

1. e4 c6 2. d4 d5 3. e5 Bf5 4. Bd3 Bxd3 5. Qxd3 e6 6. Nf3 Nd7 7. O-O c5 8. Be3
Ne7 9. Nc3 Nc6 10. Ne2 Be7 11. c3 O-O 12. Ng3 cxd4 13. cxd4 Rc8 14. a3 Nb6 15.
b4 Nc4 16. b5 Nb8 17. Bc1 Nd7 18. Re1 Re8 19. a4 Nf8 20. Nd2 Bb4 21. Rd1 Ng6 22.
Nxc4 dxc4 23. Qc2 Qd5 24. Ba3 Bxa3 25. Rxa3 Red8 26. Ne2 Nxe5 27. Rc3 Nd3 28. g3
g6 29. Nc1 Nxc1 30. Qxc1 e5 0-1

[Event "AUTO-OPEN-4581"]
[Site "http://www.queenalice.com/game.php?id=1853770"]
[Date "2025.3.12"]
[Round "1"]
[White "Bordon"]
[Black "kubinet"]
[Result "0-1"]
[WhiteElo "2101"]
[BlackElo "2064"]

1. e4 c5 2. Nc3 Nc6 3. f4 d6 4. Bb5 Bd7 5. Bxc6 Bxc6 6. Nf3 e6 7. O-O Be7 8. d3
Qc7 9. Qe1 Nf6 10. Ne2 O-O 11. Qg3 Rac8 12. Be3 b5 13. Ng5 h6 14. Nh3 Kh8 15. f5
Bd7 16. fxe6 Bxe6 17. Nhf4 Qd7 18. Nxe6 Qxe6 19. Nf4 Qe5 20. c3 a5 21. Ne2 Qxg3
22. Nxg3 b4 23. Nf5 Rce8 24. Rf3 Ng4 25. Nxe7 Rxe7 26. Rg3 Nxe3 27. Rxe3 f5 28.
Rf1 Kg8 29. Ref3 Ref7 30. Rxf5 Rxf5 31. Rxf5 Rxf5 32. exf5 Kf7 33. Kf2 Kf6 34.
g4 Kg5 35. Kg3 d5 36. h4+ Kf6 37. Kf4 a4 38. g5+ hxg5+ 39. hxg5+ Kf7 40. Ke5 a3
41. bxa3 bxc3 0-1

[Event "AUTO-OPEN-4581"]
[Site "http://www.queenalice.com/game.php?id=1853771"]
[Date "2025.3.12"]
[Round "1"]
[White "kubinet"]
[Black "Bordon"]
[Result "0-1"]
[WhiteElo "2040"]
[BlackElo "2088"]

1. e4 e5 2. Nf3 Nc6 3. Bb5 a6 4. Ba4 Nf6 5. O-O Be7 6. Re1 b5 7. Bb3 O-O 8. c3
d6 9. h3 h6 10. d4 Re8 11. Nbd2 Bb7 12. Nf1 exd4 13. cxd4 Na5 14. Bc2 Bf8 15.
Ng3 Nc4 16. b3 Nb6 17. Bb2 Be7 18. Nf5 Bc8 19. Nxe7+ Rxe7 20. Qd3 Bb7 21. d5
Nbd7 22. Nd4 Ne5 23. Qe3 Ng6 24. Nc6 Bxc6 25. dxc6 Ne5 26. Qg3 Nh5 27. Qh4 Nf6
28. f4 Ng6 29. Qg3 Qe8 30. e5 dxe5 31. fxe5 Nh5 32. Qc3 Rd8 33. Rad1 Re6 34.
Bxg6 Rxg6 35. Qf3 Rxd1 36. Rxd1 Qxc6 37. Qxc6 Rxc6 38. Rd2 Nf4 39. Kf2 Ne6 40.
Kf3 Kh7 41. g4 Ng5+ 42. Kg2 Ne4 43. Re2 Nc3 44. Rc2 b4 45. a3 a5 46. axb4 axb4
47. Kf3 Kg6 48. h4 h5 49. g5 Kf5 0-1

[Event "AUTO-OPEN-4541"]
[Site "http://www.queenalice.com/game.php?id=1854710"]
[Date "2025.3.29"]
[Round "2"]
[White "Bordon"]
[Black "josebaron"]
[Result "1/2-1/2"]
[WhiteElo "2142"]
[BlackElo "2216"]

1. e4 e5 2. Nf3 Nc6 3. Bc4 Be7 4. O-O Nf6 5. Re1 O-O 6. d4 exd4 7. Nxd4 d6 8.
Nc3 Nxd4 9. Qxd4 Be6 10. Nd5 Nxd5 11. Bxd5 c6 12. Bxe6 fxe6 13. Be3 e5 14. Qd3
a5 15. Qb3+ Kh8 16. Qxb7 Rb8 17. Qxc6 Rxb2 18. Bc1 Rb8 1/2-1/2

[Event "AUTO-OPEN-4541"]
[Site "http://www.queenalice.com/game.php?id=1854711"]
[Date "2025.3.29"]
[Round "2"]
[White "josebaron"]
[Black "Bordon"]
[Result "1/2-1/2"]
[WhiteElo "2217"]
[BlackElo "2140"]

1. e4 e5 2. Nf3 Nc6 3. Bb5 a6 4. Bxc6 dxc6 5. d3 Bg4 6. h3 Bxf3 7. Qxf3 Nf6 8.
Bg5 Be7 9. Bxf6 Bxf6 10. Nc3 O-O 11. O-O Qd4 12. a4 b5 13. axb5 cxb5 14. Rfb1 c6
15. Ne2 Qd6 16. Ng3 g6 17. b4 Bg7 18. Nf1 f5 19. exf5 Rxf5 20. Qe3 1/2-1/2

[Event "AUTO-OPEN-4541"]
[Site "http://www.queenalice.com/game.php?id=1854712"]
[Date "2025.3.29"]
[Round "2"]
[White "Bordon"]
[Black "maurice916"]
[Result "1-0"]
[WhiteElo "2112"]
[BlackElo "1904"]

1. e4 c6 2. d4 d5 3. e5 Bf5 4. Nf3 h6 5. Nc3 e6 6. Bd3 Bxd3 7. Qxd3 Nd7 8. O-O
c5 9. Be3 Rc8 10. Rfe1 cxd4 11. Bxd4 Nc5 12. Qb5+ Nd7 13. Qxb7 Rb8 14. Qxa7 Rxb2
15. Nxd5 exd5 16. Bxb2 Bc5 17. Qa4 Ne7 18. e6 fxe6 19. Bxg7 Rg8 20. Bxh6 Nf5 21.
Rxe6+ Kf7 22. Bg5 Qc7 23. Bf4 Qb7 24. Ng5+ Rxg5 25. Bxg5 Kxe6 26. Re1+ Kf7 27.
Qf4 Kg6 28. Re6+ Kg7 29. g4 Qb1+ 30. Kg2 Qxc2 31. gxf5 Bd4 32. Qxd4+ Kg8 33.
Rg6+ Kf8 34. Qg7+ Ke8 35. Qe7# 1-0

[Event "AUTO-OPEN-4541"]
[Site "http://www.queenalice.com/game.php?id=1854713"]
[Date "2025.3.29"]
[Round "2"]
[White "maurice916"]
[Black "Bordon"]
[Result "1-0"]
[WhiteElo "1956"]
[BlackElo "2144"]

1. Nf3 Nf6 2. b3 g6 3. Bb2 Bg7 4. e3 b6 5. g3 Bb7 6. Bg2 O-O 7. O-O d5 8. d4
Nbd7 9. Nbd2 c5 10. c4 Rc8 11. cxd5 Nxd5 12. Rb1 cxd4 13. Nxd4 Nc3 14. Bxc3 Rxc3
15. Bxb7 1-0

[Event "AUTO-OPEN-4598"]
[Site "http://www.queenalice.com/game.php?id=1858232"]
[Date "2025.6.3"]
[Round "1"]
[White "Biagio"]
[Black "Bordon"]
[Result "1/2-1/2"]
[WhiteElo "2314"]
[BlackElo "2105"]

1. d4 d5 2. c4 c6 3. Nc3 Nf6 4. e3 g6 5. Nf3 Bg7 6. Be2 O-O 7. O-O dxc4 8. Bxc4
Bg4 9. Be2 Nbd7 10. e4 Bxf3 11. Bxf3 e5 12. d5 cxd5 13. Nxd5 Nb6 14. Nxf6+ Bxf6
15. b3 Rc8 16. Bb2 Qxd1 17. Rfxd1 Rc2 18. Ba3 Rd8 19. Rxd8+ Bxd8 20. Kf1 f6 21.
Bd1 Rd2 22. Bb4 1/2-1/2

[Event "AUTO-OPEN-4598"]
[Site "http://www.queenalice.com/game.php?id=1858233"]
[Date "2025.6.3"]
[Round "1"]
[White "Bordon"]
[Black "Biagio"]
[Result "1/2-1/2"]
[WhiteElo "2113"]
[BlackElo "2309"]

1. e4 c6 2. d4 d5 3. e5 Bf5 4. Bd3 Bxd3 5. Qxd3 e6 6. Nf3 Nd7 7. O-O Ne7 8. Nc3
Nf5 9. Ne2 Be7 10. Bd2 O-O 11. c3 c5 12. Ng3 c4 13. Qc2 Nxg3 14. hxg3 b5 15. b3
a5 16. bxc4 bxc4 17. Rab1 Qc7 18. Bg5 Qd8 19. Bxe7 Qxe7 20. Rb7 Rfb8 21. Rfb1 h6
22. Qa4 Qd8 23. Rxb8 Rxb8 24. Rxb8 Nxb8 25. Qb5 Nd7 1/2-1/2

[Event "AUTO-OPEN-4598"]
[Site "http://www.queenalice.com/game.php?id=1858262"]
[Date "2025.6.3"]
[Round "1"]
[White "Bordon"]
[Black "SGF"]
[Result "1-0"]
[WhiteElo "2105"]
[BlackElo "1842"]

1. e4 e5 2. Nf3 Qf6 3. Bc4 d6 4. d3 h6 5. Nc3 c6 6. O-O Be7 7. Ne2 b5 8. Bb3 Qg6
9. Ng3 a5 10. a4 b4 11. c3 Bg4 12. h3 Bxf3 13. Qxf3 Nf6 14. Nf5 bxc3 15. bxc3
Nbd7 16. Nxe7 Kxe7 17. Qe3 Nc5 18. Bc4 h5 19. Ba3 Ne8 20. Bxc5 dxc5 21. Qxc5+
Qd6 22. Qe3 c5 23. f4 exf4 24. Rxf4 f6 25. e5 Qxe5 26. Re4 Nd6 27. Rxe5+ fxe5
28. Qxe5+ Kd7 29. Qxg7+ Kc6 30. Bb5+ Nxb5 31. axb5+ Kxb5 32. Qb7# 1-0

[Event "AUTO-OPEN-4598"]
[Site "http://www.queenalice.com/game.php?id=1858263"]
[Date "2025.6.3"]
[Round "1"]
[White "SGF"]
[Black "Bordon"]
[Result "0-1"]
[WhiteElo "1784"]
[BlackElo "2111"]

1. e4 e5 2. Qf3 Nf6 3. d3 d6 4. Bg5 Be7 5. Bxf6 Bxf6 6. Be2 Nc6 7. c3 O-O 8. Qg3
Ne7 9. h4 Ng6 10. b4 Bxh4 11. Qh2 h6 12. Nd2 Nf4 13. g3 Nxe2 14. Nxe2 Bg5 15. a4
Bxd2+ 16. Kxd2 Qg5+ 17. f4 Qg4 18. Raf1 b6 19. f5 Qg5+ 20. Kd1 Bd7 21. b5 a6 22.
Qxh6 Qxh6 23. Rxh6 gxh6 24. g4 f6 25. c4 axb5 26. axb5 Ra1+ 27. Nc1 Rfa8 28. Kd2
R8a2+ 29. Kc3 Rg2 30. Rh1 Kg7 31. Nb3 Rxh1 32. Kb4 Rxg4 33. Ka4 Rb1 34. Kb4
Rxb3+ 35. Kxb3 h5 36. Kc3 h4 37. Kb4 h3 38. Kc3 h2 39. Kd2 h1=Q 40. Kc3 Qc1+ 41.
Kb4 Qb2+ 42. Ka4 Rg1 43. d4 Ra1# 0-1

[Event "AUTO-OPEN-4598"]
[Site "http://www.queenalice.com/game.php?id=1858264"]
[Date "2025.6.3"]
[Round "1"]
[White "Bordon"]
[Black "Canaye14"]
[Result "1-0"]
[WhiteElo "2086"]
[BlackElo "1707"]

1. e4 e6 2. d4 d5 3. exd5 exd5 4. Nf3 Nf6 5. Bd3 c5 6. c3 c4 7. Bc2 Bg4 8. h3
Bh5 9. O-O Be7 10. Nbd2 O-O 11. Re1 Nc6 12. Nf1 Qc7 13. Ng3 Bg6 14. Bxg6 fxg6
15. Bg5 h6 16. Be3 Bd6 17. Qc2 Bxg3 18. fxg3 Qxg3 19. Bf2 Qc7 20. Qxg6 Ne4 21.
Qe6+ Qf7 22. Qxf7+ Rxf7 23. Rf1 Raf8 24. Rae1 Rxf3 25. gxf3 Rxf3 26. Kg2 Rf6 27.
Bh4 Rg6+ 28. Kh2 b5 29. Rf5 1-0

[Event "AUTO-OPEN-4598"]
[Site "http://www.queenalice.com/game.php?id=1858265"]
[Date "2025.6.3"]
[Round "1"]
[White "Canaye14"]
[Black "Bordon"]
[Result "0-1"]
[WhiteElo "1709"]
[BlackElo "2084"]

1. d4 d5 2. Bf4 Nf6 3. Nf3 Nc6 4. c3 Bf5 5. e3 a6 6. Bd3 Bxd3 7. Qxd3 e6 8. Nbd2
Bd6 9. Ne5 Bxe5 10. dxe5 Nd7 11. Nf3 Qe7 12. Bg3 Nc5 13. Qc2 Ne4 14. O-O-O Nxg3
15. hxg3 h6 16. g4 O-O-O 17. a3 Na5 18. Rd4 c5 19. Rdd1 Nc4 20. e4 Nxe5 21. Nxe5
Qg5+ 22. Kb1 Qxe5 23. exd5 Rxd5 24. Rxd5 Qxd5 25. f3 Rd8 26. Rh5 Qd1+ 27. Qxd1
Rxd1+ 28. Kc2 Rd5 29. Rxd5 exd5 0-1

[Event "Challenge"]
[Site "http://www.queenalice.com/game.php?id=1859058"]
[Date "2025.6.22"]
[Round "-"]
[White "Bordon"]
[Black "jogo"]
[Result "1-0"]
[WhiteElo "2114"]
[BlackElo "1879"]

1. e4 c6 2. d4 d5 3. e5 Bf5 4. Bd3 Bxd3 5. Qxd3 e6 6. Nf3 Bb4+ 7. c3 Be7 8. Nbd2
f5 9. Nf1 g5 10. h3 g4 11. hxg4 fxg4 12. N3d2 c5 13. Rxh7 c4 14. Qg6+ 1-0

[Event "Challenge"]
[Site "http://www.queenalice.com/game.php?id=1859302"]
[Date "2025.7.3"]
[Round "-"]
[White "jogo"]
[Black "Bordon"]
[Result "1-0"]
[WhiteElo "1906"]
[BlackElo "2119"]

1. e4 e5 2. Nf3 Nc6 3. c3 Bc5 4. d4 exd4 5. cxd4 Bb4+ 6. Nc3 Nf6 7. Bd3 d6 8. a3
Bxc3+ 9. bxc3 Bg4 10. h3 Bh5 11. g4 Bg6 12. Qe2 O-O 13. g5 Nh5 14. Nh4 d5 15.
Nxg6 fxg6 16. exd5 Qxd5 17. Bc4 1-0

[Event "Challenge"]
[Site "http://www.queenalice.com/game.php?id=1859303"]
[Date "2025.7.3"]
[Round "-"]
[White "Bordon"]
[Black "jogo"]
[Result "1-0"]
[WhiteElo "2099"]
[BlackElo "1891"]

1. e4 e5 2. Nf3 Nf6 3. Nc3 Nc6 4. d4 exd4 5. Nxd4 Nxd4 6. Qxd4 c5 7. Qa4 Qe7 8.
Bg5 h6 9. Bxf6 Qxf6 10. O-O-O Qxf2 11. Bb5 Qxg2 12. Bxd7+ Ke7 13. Nd5+ 1-0

[Event "Challenge"]
[Site "http://www.queenalice.com/game.php?id=1859384"]
[Date "2025.7.5"]
[Round "-"]
[White "Bordon"]
[Black "jogo"]
[Result "0-1"]
[WhiteElo "2119"]
[BlackElo "1865"]

1. e4 c5 2. Nc3 Nc6 3. f4 e6 4. Nf3 d5 5. e5 d4 6. Ne2 Nge7 7. d3 b5 8. c4 bxc4
9. dxc4 Nb4 10. Bd2 Nd3# 0-1

[Event "Challenge"]
[Site "http://www.queenalice.com/game.php?id=1859965"]
[Date "2025.7.15"]
[Round "-"]
[White "Bordon"]
[Black "FLeicher"]
[Result "0-1"]
[WhiteElo "2102"]
[BlackElo "2168"]

1. e4 e5 2. Nf3 Nf6 3. Nc3 Nc6 4. a3 d6 5. h3 h6 6. Bb5 a6 7. Ba4 b5 8. Bb3 Bb7
9. d3 Qd7 10. Be3 Ne7 11. O-O g5 12. d4 Ng6 13. dxe5 dxe5 14. Qxd7+ Nxd7 15.
Rad1 Bd6 16. g3 Nf6 17. Nd2 Bc8 18. Kg2 Rg8 19. Nd5 Nd7 20. Kh2 Rf8 21. c4 Bb7
22. cxb5 axb5 23. Rc1 c6 24. Nb6 Nxb6 25. Bxb6 Ne7 26. Bc5 Bxc5 27. Rxc5 f6 28.
Rd1 Rd8 29. Nf3 Rxd1 30. Bxd1 Bc8 31. Ng1 Bd7 32. f3 Ng6 33. Rc3 Ke7 34. Ne2 h5
35. f4 h4 36. f5 hxg3+ 37. Kxg3 Nh8 38. Bb3 Rc8 39. h4 gxh4+ 40. Kxh4 c5 41. Ba2
Be8 42. Be6 Rc7 43. Rg3 Bf7 44. Rg7 Kf8 45. Rg3 b4 46. Bxf7 Nxf7 47. axb4 cxb4
48. Rb3 Rc4 49. Ng3 Nd6 50. Re3 Ke7 51. Kg4 Nb5 52. Kf3 Nd4+ 0-1